|
|
|
|
| LEADER |
01925nam a2200337 a 4500 |
| 001 |
705158 |
| 003 |
BD-DhAAL |
| 005 |
20230614153525.0 |
| 008 |
090723s1996 bg b 101 0 eng d |
| 010 |
|
|
|a \\\96902278
|
| 020 |
|
|
|a 9840513176
|
| 040 |
|
|
|a DLC
|c DLC
|d BD-DhAAL
|
| 082 |
0 |
0 |
|a 891.440995492
|2 21
|
| 245 |
0 |
0 |
|a Contemporary Bengali writing :
|b pre-Bangladesh period /
|c edited by Khan Sarwar Murshid.
|
| 250 |
|
|
|a Second revised edition
|
| 260 |
|
|
|a Dhaka :
|b University Press,
|c 1996.
|
| 300 |
|
|
|a viii, 169 pages ;
|c 22 cm.
|
| 500 |
|
|
|a "The book was originally published under the title: Contemporary writing in East Pakistan"--T.p. verso.
Title of the page 'Literature in Bangladesh".
|
| 504 |
|
|
|a Includes bibliographical references and index.
|
| 541 |
1 |
|
|e 00008285, 20354
|
| 650 |
|
0 |
|a Bengali literature
|z Bangladesh
|x History and criticism
|9 26295
|
| 650 |
|
0 |
|a Bengali literature
|y 20th century
|x History and criticism
|9 26296
|
| 700 |
1 |
|
|a Muraśida, Khāna Sāraoẏāra.
|9 26297
|
| 710 |
2 |
|
|a Asiatic Society of Bangladesh.
|9 26298
|
| 852 |
4 |
|
|a Ayesha Abed Library
|j BIED Collection
|
| 942 |
|
|
|2 ddc
|c BK
|
| 999 |
|
|
|c 2796
|d 2796
|
| 952 |
|
|
|0 0
|1 0
|2 ddc
|4 0
|6 891_440995492000000_CON_1996
|7 0
|9 2567
|a BRACUL
|b BRACUL
|c GEN
|d 2009-07-26
|g 200.00
|l 1
|m 12
|o 891.440995492 CON
|p 3010008285
|r 2019-02-24
|s 2018-12-04
|t 1
|v 400.00
|w 2009-07-26
|y BK
|
| 952 |
|
|
|0 0
|1 0
|2 ddc
|4 0
|6 891_440995492000000_CON
|7 0
|9 11063
|a BIGD
|b BIGD
|c GEN
|d 2023-06-13
|l 0
|o 891.440995492 CON
|p 3050020354
|r 2010-06-17
|t 3
|y BK
|x Transferred from BDI to BIGD.
|
| 952 |
|
|
|0 0
|1 0
|2 ddc
|4 0
|6 891_440995492000000_CON
|7 0
|9 44776
|a BRACUL
|b BRACUL
|c GEN
|d 2015-01-23
|l 2
|m 30
|o 891.440995492 CON
|p 3010028578
|r 2023-09-11
|s 2023-03-05
|t 2
|w 2015-01-23
|y BK
|
| 952 |
|
|
|0 0
|1 0
|2 ddc
|4 0
|6 891_440995492000000_CON
|7 0
|9 66532
|a BRACUL
|b BRACUL
|c GEN
|d 2019-09-26
|e Complimentary copy from BIED
|l 0
|o 891.440995492 CON
|p 3010036081
|r 2019-09-26
|t 4
|w 2019-09-26
|y BK
|x Transferred from BIED to General Stacks
|